| 000 | 00801nam a2200277 i 4500 | ||
|---|---|---|---|
| 001 | bg | ||
| 100 | 1 | _aKOZIERKIEWICZ, Roman. | |
| 245 | 1 | 0 |
_aSłownik rachunkowości angielsko-polski, polsko-angielski / _cRoman Kozierkiewicz. |
| 260 |
_aWarszawa : _b"Infor", _ccop. 2004. |
||
| 300 |
_a296, [3] s. ; _c20 cm. |
||
| 490 | 1 | _aSłowniki | |
| 500 | _aTyt. grzbiet. : słownik rachunkowości. | ||
| 504 | _aBibliogr. s. [298]. | ||
| 650 | 9 |
_aRachunkowość _xterminologia |
|
| 650 | 9 | _aSłownik angielsko-polski | |
| 650 | 9 | _aSłownik polsko-angielski | |
| 655 | _aSłowniki | ||
| 830 | _aSłowniki | ||
| 020 | _a8389385384 | ||
| 040 | _cBPK | ||
| 041 | 0 | _aengpol | |
| 080 | _a657(038)=162.1=111 | ||
| 920 | _a83-89385-38-4 | ||
| 942 | _cKS | ||
| 008 | s pl f |000 0 pol | ||
| 999 |
_c44043 _d44043 |
||
| 856 |
_uhttp://koha.tu.koszalin.pl/cgi-bin/koha/opac-detail.pl?biblionumber=44043 _yKatalog online BPK |
||